| 000 | 02430cam a2200673 4500 | ||
|---|---|---|---|
| 999 |
_c24206 _d24206 |
||
| 001 | vtls012123126 | ||
| 005 | 20260507110602.0 | ||
| 008 | 220211s2022 xo oa g nf 001 0 slo | ||
| 020 |
_a9788055181417 _q(viazané) |
||
| 040 |
_aSVKPO _bslo _cSVKPO _dSNK _erda |
||
| 041 | 1 |
_aslo _hpol |
|
| 044 |
_axo _cSK |
||
| 072 | 7 |
_a616 _xPatológia. Klinická medicína _2konspekt |
|
| 080 |
_a616-092.19-008.6 _22011 |
||
| 080 |
_a616-07 _22011 |
||
| 080 |
_a616-08 _22011 |
||
| 080 |
_a615.874.2 _22011 |
||
| 080 |
_a613 _22011 |
||
| 080 |
_a614.253.8:37 _22011 |
||
| 080 |
_a(0.062) _22011 |
||
| 080 |
_a(035) _22011 |
||
| 100 | 1 |
_aCzekalska, Natalia _4aut _95553 |
|
| 240 | 1 | 0 |
_aChoroby autoimmunologiczne _lSlovensky |
| 245 | 1 | 0 |
_aAutoimunitné choroby _bpríznaky, liečba, diéty : Hashimotova choroba, diabetes 1. typu, celiakia, reumatoidná artritída _cNatalia Czekalska, Paulina Ihnatowicz, Emilia Ptak ; z poľského originálu Choroby autoimmunologiczne ... preložil Wilhelm Hess |
| 246 | 3 | 0 | _aHashimotova choroba |
| 246 | 3 | 3 | _aMáte to v krvi |
| 246 | 3 | 0 | _aDiabetes 1. typu |
| 246 | 3 | 3 | _aCeliakia |
| 246 | 3 | 3 | _aReumatoidná artritída |
| 250 | _aPrvé vydanie | ||
| 264 | 1 |
_aBratislava _bIkar, a.s. - Príroda _c2022 |
|
| 300 |
_a174 strán _bfotografie, ilustrácie, schémy _c22 cm |
||
| 336 |
_atext _btxt _2rdacontent |
||
| 337 |
_abez média _bn _2rdamedia |
||
| 338 |
_azväzok _bnc _2rdacarrier |
||
| 500 | _aObsahuje biografické údaje o autorkách | ||
| 650 | 0 | 7 |
_aautoimunitné choroby _2SNKPH _95554 |
| 650 | 0 | 7 |
_adiagnostika (medicína) _2SNKPH _95555 |
| 650 | 0 | 7 |
_aterapia _2SNKPH _95556 |
| 650 | 0 | 7 |
_adietoterapia _2SNKPH _95557 |
| 650 | 0 | 7 |
_aživotospráva _2SNKPH _93835 |
| 650 | 0 | 7 |
_aedukácia pacientov _2SNKPH _95558 |
| 650 | 0 | 7 |
_aAutoimmune diseases _2SNKPHeng _95559 |
| 650 | 0 | 7 |
_aMedical diagnostics _2SNKPHeng _95560 |
| 650 | 0 | 7 |
_aTherapy _2SNKPHeng _95561 |
| 650 | 0 | 7 |
_aDietotherapy _2SNKPHeng _95562 |
| 650 | 0 | 7 |
_aHealth behavior _2SNKPHeng _93837 |
| 650 | 0 | 7 |
_aPatient education _2SNKPHeng _95563 |
| 655 | 7 |
_apopulárno-náučné publikácie _2SNKPH _91486 |
|
| 655 | 7 |
_apríručky _2SNKPH _91541 |
|
| 655 | 7 |
_aPopular works _2SNKPHeng _91487 |
|
| 655 | 7 |
_aHandbooks, manuals, etc. _2SNKPHeng _91630 |
|
| 700 | 1 |
_aIhnatowicz, Paulina _4aut _95564 |
|
| 700 | 1 |
_aPtak, Emilia _4aut _95565 |
|
| 700 | 1 |
_aHess, Wilhelm _4trl _95566 |
|
| 958 | _aNB | ||
| 958 | _aOP | ||
| 958 | _aMI | ||